000 00933nam a2200217 a 4500
001 52423
003 BD-RjUL
005 20211209075813.0
008 160920s1977 ii ||||| |||| 00| 0 ben d
035 _a(BD-RjUL)52543
040 _aBD-RjUL
_bben
_cBD-RjUL
_dBD-RjUL
041 _aben
082 _223
_a891.44109
_bJAB 1977
100 _aজানা, নরেশচন্দ্র
_9126546
245 1 0 _aবৈষ্ণব কবিতায় কালিদাসের উত্তরাধিকার /
_cনরেশচন্দ্র জানা
260 _aকলিকাতা :
_bপশ্চিমবঙ্গ রাজ্য পুস্তক পর্ষদ,
_c১৯৭৭.
300 _ax, 330 পৃ. ;
_c২৩ সেমি.
650 _aবাংলা কবিতা
_vইতিহাস ও সমালোচনা
_9117724
650 _aBengali Poetry
_vHistory and Criticism
_9117725
942 _2ddc
_cBK
999 _c52423
_d52423